| 000 | 00413nam a22001337a 4500 | ||
|---|---|---|---|
| 008 | 230307b |||||||| |||| 00| 0 eng d | ||
| 020 | _a978-0830828913 | ||
| 050 |
_aBT220 _b.T67 2008 |
||
| 100 | _aTorrance, Thomas F. | ||
| 245 |
_aIncarnation : _bThe person and life of Christ/ _cThomas F. Torrance & edited by Robert T. Walker |
||
| 260 |
_aU.S.A. _bIVP Academic _c2008 |
||
| 300 | _alii, 371p. | ||
| 942 |
_2lcc _cBK |
||
| 999 |
_c20040 _d20039 |
||